01082 a2200205 45000010006000000050017000060080041000230030015000640400040000790800066001192450041001850200022002262500012002482640034002603000027002945050432003210410008007531000020007618560095007815990920260407155852.0260407a2022 arg spa dAR-UNSa-BCEJYS aAR-UNSa-BCEJYSbspacAR-UNSa-BCEJYS a336.226xTipos de impuestos. Impuestos directos e indirectos 10aImpuesto sobre los bienes personales a978-987-01-2915-8 a3a. ed. 1aBuenos Aires :bErreparc2022 axxviii, 458 p.c21 cm. a1. Conceptos generales - 2. La imposición sobre el patrimonio de las empresas – 3. Las personas humanas – 4. Caracteristicas de los impuestos – 5. Objeto del impuesto – 6. Sujetos del tributo – 7. Exenciones – 8. Base imponible – 9. Tributaciones de acciones, participaciones empresarias y fideicomisos no financieros – 10. Minimo no imponible, tasas y pagos a cuenta por gravámenes abonados en el exterior. aspa1 aGebhardt, Jorge41uhttps://biblioeco.unsa.edu.ar/pmb/images/libros/L129075.jpgyImagen de portadaqimage/jpeg